| 000 | 00807nam a2200229 i 4500 | ||
|---|---|---|---|
| 001 | 69943 | ||
| 003 | ES-MaACL | ||
| 005 | 20250809044340.0 | ||
| 007 | t| | ||
| 008 | 040713s1974 sp ||||1| spa d | ||
| 080 | _a35(463).08"13/14" | ||
| 100 | 1 |
_aGarcía Marín, José María. _954887 |
|
| 245 | 1 | 3 |
_aEl oficio público en Castilla durante la Baja Edad Media / _cJosé María García Marín. |
| 260 |
_aSevilla : _bUniversidad, _c1974. |
||
| 300 |
_a383 p. ; _c24 cm. |
||
| 490 | 1 |
_aAnales de la Universidad Hispalense. Serie derecho ; _v20 |
|
| 650 | 4 |
_aFuncionarios- _zCastilla (Reino) _9141901 |
|
| 650 | 4 |
_aBurocracia- _zEspaña- _vHistoria. _9141900 |
|
| 830 | 0 | 0 |
_aAnales de la Universidad Hispalense. _pDerecho _v20 _9183302 |
| 852 | 4 |
_aES-MaACL _jA-9003 |
|
| 999 |
_c69943 _d69943 |
||